Champions du monde de Formule 1 - Difficile - Statistiques

Statistiques générales
  • Ce quiz a été pris 447 fois
    144 depuis la dernière actualisation
  • Le résultat moyen est 59 sur 76
Statistiques - réponses
Année Pays Champion % Correct
2024 Pays-Bas Max Verstappen
98%
2023 Pays-Bas Max Verstappen
97%
2020 Royaume-Uni Lewis Hamilton
96%
2019 Royaume-Uni Lewis Hamilton
96%
2018 Royaume-Uni Lewis Hamilton
96%
2017 Royaume-Uni Lewis Hamilton
96%
2015 Royaume-Uni Lewis Hamilton
96%
2014 Royaume-Uni Lewis Hamilton
96%
2022 Pays-Bas Max Verstappen
96%
2021 Pays-Bas Max Verstappen
96%
2025 Royaume-Uni Lando Norris
94%
2013 Allemagne Sebastian Vettel
94%
2004 Allemagne Michael Schumacher
93%
2003 Allemagne Michael Schumacher
93%
2002 Allemagne Michael Schumacher
93%
2001 Allemagne Michael Schumacher
93%
2000 Allemagne Michael Schumacher
93%
2012 Allemagne Sebastian Vettel
93%
2011 Allemagne Sebastian Vettel
93%
2010 Allemagne Sebastian Vettel
92%
2016 Allemagne Nico Rosberg
91%
1991 Brésil Ayrton Senna
90%
1990 Brésil Ayrton Senna
90%
1988 Brésil Ayrton Senna
90%
2006 Espagne Fernando Alonso
90%
2005 Espagne Fernando Alonso
90%
2007 Finlande Kimi Räikkönen
90%
1993 France Alain Prost
89%
1989 France Alain Prost
89%
1986 France Alain Prost
89%
1985 France Alain Prost
89%
1997 Canada Jacques Villeneuve
89%
2008 Royaume-Uni Lewis Hamilton
88%
2009 Royaume-Uni Jenson Button
87%
1999 Finlande Mika Häkkinen
86%
1998 Finlande Mika Häkkinen
86%
1995 Allemagne Michael Schumacher
82%
1994 Allemagne Michael Schumacher
82%
1984 Autriche Niki Lauda
82%
1996 Royaume-Uni Damon Hill
78%
1954 Argentine Juan Manuel Fangio
77%
1957 Argentine Juan Manuel Fangio
76%
1956 Argentine Juan Manuel Fangio
76%
1955 Argentine Juan Manuel Fangio
76%
1951 Argentine Juan Manuel Fangio
74%
1987 Brésil Nelson Piquet
74%
1977 Autriche Niki Lauda
74%
1983 Brésil Nelson Piquet
73%
1981 Brésil Nelson Piquet
73%
1975 Autriche Niki Lauda
73%
1992 Royaume-Uni Nigel Mansell
69%
1979 Afrique du Sud Jody Scheckter
68%
1950 Italie Giuseppe Farina
67%
1982 Finlande Keke Rosberg
67%
1953 Italie Alberto Ascari
66%
1952 Italie Alberto Ascari
66%
1974 Brésil Emerson Fittipaldi
66%
1972 Brésil Emerson Fittipaldi
66%
1978 États-Unis Mario Andretti
66%
1971 Royaume-Uni Jackie Stewart
63%
1976 Royaume-Uni James Hunt
63%
1980 Australie Alan Jones
62%
1973 Royaume-Uni Jackie Stewart
62%
1969 Royaume-Uni Jackie Stewart
56%
1970 Autriche Jochen Rindt
56%
1965 Royaume-Uni Jim Clark
51%
1962 Royaume-Uni Graham Hill
50%
1960 Australie Jack Brabham
50%
1959 Australie Jack Brabham
50%
1967 Nouvelle-Zélande Denny Hulme
49%
1963 Royaume-Uni Jim Clark
49%
1968 Royaume-Uni Graham Hill
47%
1961 États-Unis Phil Hill
47%
1964 Royaume-Uni John Surtees
46%
1958 Royaume-Uni Mike Hawthorn
46%
1966 Australie Jack Brabham
43%
Aucun quiz correspondant
Distribution des résultats
% des personnes avec chaque résultat
Percentile par nombre de réponses
Votre historique - résultats
Vous n’avez pas pris ce quiz depuis la dernière actualisation